| 000 | 00603nam a2200217 i 4500 | ||
|---|---|---|---|
| 001 | C2-0141791 | ||
| 003 | PPAK | ||
| 005 | 20180727125437.0 | ||
| 008 | 980107s1994 enka|||| ||||| | eng d | ||
| 020 | _a0751300853 | ||
| 040 |
_aPPAK _beng _cPPAK _erda |
||
| 082 | 0 | 4 |
_a799.1 _223 |
| 090 | 0 | 0 |
_a799.1 _bDOR _dR |
| 245 | 0 | 4 | _aThe dorling kindersley encyclopedia of fishing |
| 264 | 1 |
_aLondon : _bDorling Kindersley , _c1994 |
|
| 300 |
_a288 pages : _bcolour illustrations ; _c28 cm |
||
| 336 |
_2rdacontent _atext |
||
| 337 |
_2rdamedia _aunmediated |
||
| 338 |
_2rdacarrier _avolume |
||
| 942 |
_ddc _cB |
||
| 999 |
_c44386 _d44386 |
||